000 00513nam a22001817a 4500
999 _c165005
_d165005
005 20190603131344.0
010 _aENG-125450
020 _a9789350451748
_c300.00
035 _aEN-108982
037 _bDBAD/PUB
082 _a921
100 _aGeorge, Nita B.
245 _aA speck in the universe /
_cby Nita B. George
260 _aCalcutta
_bWriters Workshop Book
_c2018
270 _a162/92, Lake Garden,
_bCulcutta
_e700045
300 _a136p.
_c22cms(Hb)
942 _2ddc
_cEN
_h921
_mGEO